1980s Bands (Sudden Death) - Statistics

General Stats
  • This quiz has been taken 117 times
  • The average score is 14 of 25
Answers on the Grid
Answers color-coded by a green-red scale on the quiz's grid according to % correct below.
U2
Yes
Rush
Devo
Oasis
Pixies
Cream
R.E.M.
Queen
AC/DC
Weezer
Genesis
The Cure
Bon Jovi
Metallica
Aerosmith
Pearl Jam
The Doors
Pink Floyd
New Order
Sex Pistols
Radiohead
Limp Bizkit
The Smiths
The Beatles
Talking Heads
Black Sabbath
Guns N' Roses
Depeche Mode
Fleetwood Mac
Modest Mouse
Marilyn Manson
Jane's Addiction
The White Stripes
The Rolling Stones
Hootie & the Blowfish
Red Hot Chili Peppers
The Velvet Underground
Huey Lewis and the News
Creedence Clearwater Revival
 
Answer Stats
Answer % Correct
U2
86%
AC/DC
74%
Bon Jovi
71%
Aerosmith
69%
Queen
69%
R.E.M.
65%
Metallica
63%
Genesis
62%
Guns N' Roses
62%
Rush
60%
Depeche Mode
58%
The Cure
57%
Yes
56%
New Order
54%
Talking Heads
54%
The Smiths
51%
Huey Lewis and the News
49%
Fleetwood Mac
48%
Pixies
48%
Pink Floyd
46%
The Rolling Stones
46%
Devo
45%
Red Hot Chili Peppers
42%
Black Sabbath
39%
Jane's Addiction
30%
No matching quizzes found
Score Distribution
Percent of People with Each Score
Percentile by Number Answered
Your Score History
You have not taken this quiz